000 00390nam a22001337a 4500
082 _a894.812
_bMOO/N
100 _aMOOSAKUTTY
245 _aNOOTTANDINE MATTIMARICHA NOOTTONNU INDIAKKAR
246 _aNOOTTANDINE MATTIMARICHA NOOTTONNU INDIAKKAR
_bNOOTTANDINE MATTIMARICHA NOOTTONNU INDIAKKAR
260 _aTHRISSUR
_bH & C
_c2011
300 _a144
650 _aMALAYALAM G K
942 _cBK
999 _c8976
_d8976